000 00300nam a22001337a 4500
008 171221b xxu||||| |||| 00| 0 eng d
020 _a9780838562062
041 _aeng
080 _22 ED
_a61
100 _a3
101 _aSHM
245 _aMEDICAL EPIDEMIOLOGY
_cDANIELS.S.R
942 _2udc
_cBK
999 _c39275
_d39275